000 00309nam a22001337a 4500
020 _a978-93-90602-11-7
082 _a823
_bMAP/P
100 _aMAPLE KIDS
245 _aPRODIGAL SON
260 _aNOIDA
_bMAPLE PRESS PRIVATE LIMITED
_c2021
300 _a16
650 _aCHILDRENS LITERATURE
_zINDIA
942 _cBK
999 _c7095
_d7095